| 000 | nam a22 a 4500 | ||
|---|---|---|---|
| 999 |
_c150314 _d150314 |
||
| 003 | BLK | ||
| 005 | 20220520095538.0 | ||
| 008 | 180410b bul|||||r ||||||| ||bul|| | ||
| 010 | _aKNG00156633000 | ||
| 020 | _a978-954-9696-41-7 | ||
| 040 | _aBLK | ||
| 041 |
_aBUL _cBUL |
||
| 072 | 7 |
_2bullib _aН92 _xИстория Н |
|
| 080 |
_aОбща световна история. История на света _b930.9 _x(02.062) _z930.9(02.062) |
||
| 080 |
_aПолитическо преследване. Терористични действия. Тероризъм - Атентати, политически убийства. Вж и 343.1 ; 343.3/.7 _b323.28 _x(02.062) _z323.28(02.062) |
||
| 080 |
_aРазпространяване на научните знания - популяризиране на науката, занимателна наука, учение за явленията научно необяснени, заблуждения и фалшификации, илюзии и др. п., секретност на научните знания _b001.9 _x(02.062) _z001.9(02.062) |
||
| 080 |
_aОрганизации, асоциации, движения със специални цели и/или области на дейност. Професионални асоциации(Ку-клукс-клан, масони, окултни движения, орден на тамплиерите). _b061.23 _x(02.062) _z061.23(02.062) |
||
| 100 | 1 |
_aГрег, Шарлот _eпърви автор _9303005 |
|
| 139 |
_aГрег, Шарлот _bГ 79 |
||
| 245 | 1 | 0 |
_aКонспирацията _bНай-големите заговори, тайни споразумения и заблуди в историята _cШарлот Грег; прев. от англ. Лилия Костова. |
| 250 | _a2. изд. | ||
| 257 | _aGBR | ||
| 260 |
_bAMG _c2012 _fКостинброд : Мултипринт |
||
| 300 |
_a264 с. _bс ил. _c21 см |
||
| 380 | _a9 | ||
| 490 | 1 | _aПоредица В лабиринта на истината | |
| 500 | _a1. изд. 2009. - Ориг. загл. Conspiracy / Charlotte Greig. - Офс. изд. | ||
| 650 | 4 |
_aИстория, световна _9261939 |
|
| 650 | 4 |
_aПолитически убийства _9242254 |
|
| 650 | 4 |
_aТайни общества _9251393 |
|
| 650 | 4 |
_aТероризъм _9173548 |
|
| 650 | 4 |
_aНЛО _9164303 |
|
| 653 | _aсветовна история | ||
| 653 | _aзаговори | ||
| 653 | _aполитически убийства | ||
| 653 | _aтайни общества | ||
| 653 | _aНЛО | ||
| 653 | _aмистерии | ||
| 653 | _aконспирация | ||
| 659 | _aН | ||
| 700 | 1 |
_aКостова, Лилия _eпрев. от англ. _9303006 |
|
| 852 | _aЦб 268108 | ||
| 856 | 4 | _qpdf | |
| 856 | 4 | _qpdf | |
| 942 |
_cKNG _n0 _08 |
||
| 944 |
_aCR _c13.02.2014 _lф / _kЛюдмила_Стоянова |
||
| 944 |
_aED _c19.02.2014 _lф / |
||
| 999 | _d150314 | ||